| 000 | 00518nam a2200205 a 4500 | ||
|---|---|---|---|
| 999 |
_c574 _d574 |
||
| 008 | 190919s2001 xxk||||g |||| 001 0 eng d | ||
| 020 |
_a9780684860473 _c£ 14.99 |
||
| 040 |
_aKO _beng |
||
| 041 | 0 | _aeng | |
| 044 | _axxk | ||
| 082 | 0 | 4 |
_223 _a658.8 _bK8487 |
| 100 | 1 | _aKotler, Philip | |
| 245 | 1 | 0 |
_aKotler On Marketing / _cPhilip Kotler |
| 260 |
_aLondon : _bSimon & Schuster UK Ltd _c2001 |
||
| 300 |
_axiv, 255 p. ; _c23.5 cm. |
||
| 650 | 0 |
_aMarketing _vTextbooks |
|
| 904 | _aS_JOY | ||
| 942 | _cBK | ||